000 00321nam a22001337a 4500
020 _qPB.
040 _cFIZZA ISHAQ
082 _a620.106
_bWPG
100 _aGRAEBEL,P.W.
_991656
245 _aADVENCED FLUID MECHANICS /
_cW.P.GRAEBEL.
260 _aACADEMIC PUBLISHER ;
_c2007.
300 _a362 P. ;
942 _2ddc
_cBK
999 _c589799
_d589799